| 000 | 00652nam a2200169 a 4500 | ||
|---|---|---|---|
| 005 | 20240925070017.0 | ||
| 008 | 991125s1970 mx 000 0 spa u | ||
| 035 | _aUPN01000001764 | ||
| 049 | _aF | ||
| 050 | 4 |
_aHD8102 _bA44 |
|
| 245 | 0 | 0 | _aAlianza nacionalista popular. |
| 260 |
_a[México] : _bEngrane, _c[197-]. |
||
| 300 | _a32 p. | ||
| 500 | _a"Palabras improvisadas por el licenciado Porfirio Muñoz Ledo, Secretario del Trabajo y Previsión Social ; y Angel Olivo Solís Secretario General de la Confederación Obrera Revolucionaria (COR), en la ceremonia de inauguración" | ||
| 650 | 4 |
_aTrabajo y trabajadores _zMéxico _924733 |
|
| 905 | _aLibro | ||
| 999 |
_c1764 _d1764 |
||